Capitals of American Nations - Sudden Death - Statistics

General Stats
  • This quiz has been taken 44 times
  • The average score is 7 of 10
Answers on the Grid
Answers color-coded by a green-red scale on the quiz's grid according to % correct below.
Bogota
Washington DC
Ottawa
Santo Domingo
Quito
Buenos Aires
Lima
Havana
Guatemala City
Tegucigalpa
Sao Paulo
Yucatan
Houston
New York (City)
Ibiza
Portland
Haiti
Grenada
Las Paulos
Salt Lake City
 
Answer Stats
Answer % Correct
Washington DC
95%
Ottawa
86%
Buenos Aires
82%
Havana
77%
Lima
77%
Guatemala City
73%
Bogota
68%
Quito
68%
Santo Domingo
59%
Tegucigalpa
36%
No matching quizzes found
Score Distribution
Percent of People with Each Score
Percentile by Number Answered
Your Score History
You have not taken this quiz